| 000 | 00890nmm a2200277uu 4500 | ||
|---|---|---|---|
| 001 | 18398 | ||
| 003 | arbaides | ||
| 005 | 20211125062622.0 | ||
| 008 | 150909 f d spa d | ||
| 041 | 0 | _apor | |
| 044 | _abl | ||
| 100 | 1 |
_aCarvalho, José Jorge de _99913 |
|
| 245 | 1 | 0 | _aBases para uma alianca negro-branco-indigena contra a discriminacao etnica e racial no Brasil |
| 260 |
_aBrasília : _bUniversidade de Brasília. Departamento de Antropologia, _c2004. |
||
| 300 | _a24 p. | ||
| 336 |
_aTexto _btxt _2rdacontent |
||
| 337 |
_acomputadora _bc _2rdamedia |
||
| 338 |
_aRecurso en línea _bcr _2rdacarrier |
||
| 490 | 0 |
_aSérie Antropologia / Universidade de Brasília ; _v355 |
|
| 650 | 4 |
_aDISCRIMINACION _91711 |
|
| 650 | 4 |
_aANTROPOLOGIA _9193 |
|
| 650 | 4 |
_aPOBLACION INDIGENA _91069 |
|
| 650 | 4 |
_aNEGROS _93872 |
|
| 651 | 0 |
_aBRASIL _966 |
|
| 942 | _cELECTRONIC | ||
| 999 |
_c8116 _d8116 |
||